NCAA #1 Seed Losses (2000s) Quiz Stats

 Plays Quiz Updated Mar 6, 2019

Support Sporcle.
Go Orange.
Score 0/33 Timer 05:00
2 Plays Today
1 Seed (Year) Lost To... % Correct
Stanford (2000)North Carolina
91.9%
Illinois (2005)North Carolina
91.9%
Arizona (2003)Kansas
89.2%
North Carolina (2008)Kansas
89.2%
Memphis (2008)Kansas
89.2%
Duke (2005)Michigan State
83%
Louisville (2009)Michigan State
83%
Connecticut (2009)Michigan State
83%
Duke (2000)Florida
80.6%
Villanova (2006)Florida
80.6%
Ohio State (2007)Florida
80.6%
Cincinnati (2002)UCLA
79.1%
Memphis (2006)UCLA
79.1%
Kansas (2007)UCLA
79.1%
Duke (2004)Connecticut
78%
Michigan State (2001)Arizona
77.8%
Illinois (2001)Arizona
77.8%
1 Seed (Year) Lost To... % Correct
UCLA (2008)Memphis
72%
Pittsburgh (2009)Villanova
69.4%
Oklahoma (2003)Syracuse
67.1%
Texas (2003)Syracuse
67.1%
Duke (2002)Indiana
61%
Washington (2005)Louisville
60.9%
Connecticut (2006)George Mason
57%
St. Joseph's (2004)Oklahoma State
55.1%
North Carolina (2007)Georgetown
54.2%
Stanford (2001)Maryland
52.6%
Kansas (2002)Maryland
52.6%
Arizona (2000)Wisconsin
49.7%
Duke (2006)LSU
49.5%
Stanford (2004)Alabama
37.9%
Kentucky (2003)Marquette
36.3%
Kentucky (2004)UAB
18.7%

You're not logged in!

Compare scores with friends on all Sporcle quizzes.
OR
Log In

From the Vault

States by 'I' and 'J' Cities

by stereo_love

You're going to have a fun time when you realize some cities have states in their names.
Remove Ads.
Support Sporcle.
Get the best of Sporcle when you Go Orange. This ad-free experience offers more features, more stats, and more fun while also helping to support Sporcle. Thank you for becoming a member.

Show Comments

Extras

Top Quizzes Today


Score Distribution

Your Account Isn't Verified!

In order to create a playlist on Sporcle, you need to verify the email address you used during registration. Go to your Sporcle Settings to finish the process.

Report this User

Report this user for behavior that violates our Community Guidelines.

Details: